[Event "Jakarta op"]
[Site "Jakarta"]
[Date "2024.01.20"]
[Round "4"]
[White "Handaru, Juan Izz Linardhi"]
[Black "Simanihuruk, Nathanael Dieudonne"]
[Result "1-0"]
[WhiteElo "1760"]
[BlackElo "1979"]
[PlyCount "98"]
[EventDate "2024.01.19"]
[EventType "swiss"]
[EventRounds "7"]
[EventCountry "INA"]
[SourceTitle "CB06_2024"]
[SourceDate "2024.02.07"]
[SourceVersion "1"]
[SourceVersionDate "2024.02.07"]
[SourceQuality "1"]

1. d4 c5 2. d5 Nf6 3. c4 b5 4. cxb5 a6 5. bxa6 g6 6. Nc3 Bxa6 7. Nf3 Bg7 8. e4 Bxf1 9. Kxf1 d6 10. g3 0-0 11. Kg2 Qb6 12. Qe2 Na6 13. Nd2 Rfb8 14. b3 Nd7 15. Bb2 Qb7 16. Nc4 Ne5 17. Nxe5 Bxe5 18. Nd1 Bxb2 19. Nxb2 Nb4 20. Nc4 Qd7 21. h4 h5 22. Rhd1 Na6 23. Rab1 Nc7 24. a4 Rb4 25. e5 Ne8 26. Qf3 Qc7 27. exd6 exd6 28. Rd2 Rab8 29. Re1 Ng7 30. Qf6 Nf5 31. Rde2 Rf8 32. Re8 Rb8 33. Rxf8+ Rxf8 34. Ne3 Nd4 35. g4 hxg4 36. h5 Qd8 37. Qxd8 Rxd8 38. hxg6 fxg6 39. Nc4 Kf7 40. a5 Nxb3 41. a6 Nd4 42. Rb1 Ra8 43. Rb7+ Kf6 44. a7 Nb5 45. Rxb5 Rxa7 46. Rb6 Ra4 47. Ra6 Kf5 48. Ne3+ Kg5 49. Rc6 Ra5 1-0

[Event "Bekasi Scua op 1st"]
[Site "Bekasi"]
[Date "2022.01.15"]
[Round "7"]
[White "Handaru, Juan Izz Linardhi"]
[Black "Akmalnaidi, Akbar"]
[Result "1/2-1/2"]
[WhiteElo "1840"]
[BlackElo "2104"]
[PlyCount "72"]
[EventDate "2022.01.12"]
[EventType "swiss"]
[EventRounds "9"]
[EventCountry "INA"]
[SourceTitle "CBM 206 Extra"]
[Source "ChessBase"]
[SourceDate "2022.03.31"]
[SourceVersion "1"]
[SourceVersionDate "2022.03.31"]
[SourceQuality "1"]

1. d4 c5 2. c3 b6 3. Bf4 Nf6 4. e3 g6 5. Nd2 Bb7 6. Ngf3 Bg7 7. h4 h5 8. Bc4 0-0 9. Qc2 d5 10. Bd3 c4 11. Be2 Nbd7 12. Ne5 Re8 13. g4 hxg4 14. Nxg4 Nxg4 15. Bxg4 e5 16. Bg5 f6 17. h5 fxg5 18. h6 e4 19. hxg7 Kxg7 20. Bxd7 Qxd7 21. 0-0-0 Rf8 22. Rh2 Rh8 23. Rdh1 b5 24. Qd1 Qd6 25. Qg1 Qe7 26. Qg3 Bc6 27. Rh3 Bd7 28. Rxh8 Rxh8 29. Rxh8 Kxh8 30. Qb8+ Be8 31. Nf1 Kg7 32. Nh2 Qe6 33. Qxa7+ Bf7 34. Qb8 Qf5 35. Qg3 Be6 36. Qc7+ Bf7 1/2-1/2

[Event "Eastern Asia-ch U12 4th"]
[Site "Bangkok"]
[Date "2019.08.06"]
[Round "6.2"]
[White "Handaru, Juan Izz Linardhi"]
[Black "Chia, Yu Zhe Ashton"]
[Result "1/2-1/2"]
[WhiteElo "1730"]
[BlackElo "1676"]
[PlyCount "146"]
[EventDate "2019.08.02"]
[EventType "swiss"]
[EventRounds "9"]
[EventCountry "THA"]
[SourceTitle "EXT 2024"]
[Source "ChessBase"]
[SourceDate "2023.10.10"]
[SourceVersion "1"]
[SourceVersionDate "2023.10.10"]
[SourceQuality "1"]

1. d4 Nf6 2. Nf3 e6 3. c4 b6 4. g3 Bb7 5. Bg2 Be7 6. 0-0 0-0 7. d5 exd5 8. Nh4 c6 9. cxd5 Nxd5 10. Nf5 Nc7 11. e4 d5 12. Nc3 Nba6 13. Re1 Bf6 14. e5 Be7 15. Qg4 g6 16. Nxe7+ Qxe7 17. Bg5 Qe6 18. Qh4 Bc8 19. Be7 Re8 20. Bf6 h5 21. h3 Kh7 22. g4 Rg8 23. gxh5 g5 24. Qg3 Ne8 25. Qf3 g4 26. Qd3+ Qf5 27. Qxf5+ Bxf5 28. hxg4 Bxg4 29. Kh2 Nb4 30. Bf1 Bf5 31. Rac1 Nc2 32. Red1 Nxf6 33. exf6 Rg5 34. Be2 d4 35. Nb1 d3 36. Rxd3 Bxd3 37. Bxd3+ Kh6 38. Rxc2 Rag8 39. Bf1 Rxh5+ 40. Bh3 c5 41. Nc3 Rd8 42. Ne4 Rh4 43. Rd2 Rxd2 44. Nxd2 Kg6 45. Kg3 Ra4 46. a3 Kxf6 47. Kf3 Rh4 48. Bf1 Rh8 49. Ke3 Rd8 50. Ne4+ Ke7 51. Nc3 Kf6 52. b3 Ke7 53. a4 f5 54. Nb5 Rd7 55. Bd3 Kf6 56. f4 Re7+ 57. Kd2 Rd7 58. Nc3 Rd8 59. Nd1 Rd7 60. Kc3 Rd4 61. Ne3 Kf7 62. Nxf5 Rxf4 63. Nd6+ Ke6 64. Nc8 Kd7 65. Nxa7 Rh4 66. Nb5 Kc6 67. Na3 Rf4 68. Nc2 Rh4 69. Ne3 Rd4 70. Nf5 Rf4 71. Ne3 Rd4 72. Nc2 Rh4 73. Ne3 Rd4 1/2-1/2

[Event "Eastern Asia-ch U12 4th"]
[Site "Bangkok"]
[Date "2019.08.05"]
[Round "5.2"]
[White "Lee, Yu Ting"]
[Black "Handaru, Juan Izz Linardhi"]
[Result "1/2-1/2"]
[WhiteElo "1398"]
[BlackElo "1730"]
[PlyCount "83"]
[EventDate "2019.08.02"]
[EventType "swiss"]
[EventRounds "9"]
[EventCountry "THA"]
[SourceTitle "EXT 2024"]
[Source "ChessBase"]
[SourceDate "2023.10.10"]
[SourceVersion "1"]
[SourceVersionDate "2023.10.10"]
[SourceQuality "1"]

1. d4 Nf6 2. Bf4 d5 3. e3 e6 4. Nf3 c5 5. c3 Nc6 6. Nbd2 Bd6 7. Bg3 0-0 8. Bd3 Re8 9. Ne5 Bxe5 10. dxe5 Nd7 11. Nf3 f6 12. exf6 Nxf6 13. Ne5 Qe7 14. 0-0 Nxe5 15. Bxe5 Qf7 16. f4 Nd7 17. Bb5 a6 18. Bxd7 Bxd7 19. Rf3 Qh5 20. b4 g6 21. bxc5 Bc6 22. Qd4 Qf5 23. Rg3 Qe4 24. h4 Qxd4 25. Bxd4 Re7 26. h5 Be8 27. Kf2 Rc8 28. Rh1 Rc6 29. a3 Bf7 30. a4 Re8 31. a5 Kf8 32. hxg6 Bxg6 33. Rg5 Re7 34. g4 Rf7 35. Ke2 Be4 36. Rf1 Ke7 37. Ke1 Kd7 38. f5 e5 39. Bxe5 Rxc5 40. f6 Rxa5 41. Rg7 Ke6 42. Rxf7 1/2-1/2

[Event "Eastern Asia-ch U12 4th"]
[Site "Bangkok"]
[Date "2019.08.04"]
[Round "3.2"]
[White "Lee, Jing Xi Jonathan"]
[Black "Handaru, Juan Izz Linardhi"]
[Result "1/2-1/2"]
[WhiteElo "1505"]
[BlackElo "1730"]
[PlyCount "56"]
[EventDate "2019.08.02"]
[EventType "swiss"]
[EventRounds "9"]
[EventCountry "THA"]
[SourceTitle "EXT 2024"]
[Source "ChessBase"]
[SourceDate "2023.10.10"]
[SourceVersion "1"]
[SourceVersionDate "2023.10.10"]
[SourceQuality "1"]

1. e4 c5 2. d4 cxd4 3. c3 d5 4. exd5 Qd7 5. d6 Qxd6 6. cxd4 Qd5 7. Nf3 Nc6 8. Nc3 Qd6 9. d5 Ne5 10. Bb5+ Bd7 11. 0-0 Bxb5 12. Nxb5 Nxf3+ 13. Qxf3 Qd7 14. Nc3 g6 15. Re1 Bg7 16. d6 e6 17. Bf4 0-0-0 18. Qe3 Kb8 19. Rac1 Nf6 20. a4 Ng4 21. Qc5 Bxc3 22. Qc7+ Ka8 23. Qxd7 Rxd7 24. Rxc3 e5 25. Bxe5 Nxe5 26. Rxe5 Rxd6 27. g3 Rdd8 28. Ra3 Rc8 1/2-1/2

[Event "Eastern Asia-ch U12 4th"]
[Site "Bangkok"]
[Date "2019.08.02"]
[Round "1.2"]
[White "Tiburcio, Jayson Jacobo"]
[Black "Handaru, Juan Izz Linardhi"]
[Result "0-1"]
[WhiteElo "1233"]
[BlackElo "1730"]
[PlyCount "62"]
[EventDate "2019.08.02"]
[EventType "swiss"]
[EventRounds "9"]
[EventCountry "THA"]
[SourceTitle "EXT 2024"]
[Source "ChessBase"]
[SourceDate "2023.10.10"]
[SourceVersion "1"]
[SourceVersionDate "2023.10.10"]
[SourceQuality "1"]

1. e4 c5 2. Nf3 d6 3. d4 cxd4 4. Nxd4 Nf6 5. Nc3 a6 6. Bc4 e6 7. 0-0 Be7 8. Qf3 Nbd7 9. Bxe6 Ne5 10. Qh3 fxe6 11. Nxe6 Bxe6 12. Qxe6 Qc8 13. Qb3 b5 14. Nd5 Nxd5 15. exd5 0-0 16. f4 Ng4 17. Qf3 Qc5+ 18. Kh1 Nf6 19. Qe2 Qc4 20. Qe6+ Kh8 21. Rd1 Rae8 22. c3 Bd8 23. Qh3 Qe2 24. Qf3 Qxf3 25. gxf3 Re2 26. b3 Rfe8 27. Ba3 Bc7 28. c4 Rc2 29. c5 Ree2 30. cxd6 Rxh2+ 31. Kg1 Bb6+ 0-1